Central Library OPAC University of Rajshahi

Human resource development for quality management / (Record no. 62279)

MARC details
000 -LEADER
fixed length control field 00674nam a22002177a 4500
001 - CONTROL NUMBER
control field 62279
003 - CONTROL NUMBER IDENTIFIER
rucl marc code BD-RjUL
005 - DATE AND TIME OF LATEST TRANSACTION
control field 20211209081050.0
008 - FIXED-LENGTH DATA ELEMENTS--GENERAL INFORMATION
fixed length control field 170123s2008 bg a|||| |||| 00| 0 eng d
035 ## - SYSTEM CONTROL NUMBER
System control number (BD-RjUL)62405
040 ## - CATALOGING SOURCE
Original cataloging agency BD-RjUL
Language of cataloging eng
Transcribing agency BD-RjUL
041 ## - LANGUAGE CODE
Language code of text/sound track or separate title eng
082 ## - DEWEY DECIMAL CLASSIFICATION NUMBER
Edition number 23
Classification number 658.3124
Author mark and year KAM 2008
100 1# - MAIN ENTRY--PERSONAL NAME
Personal name Karim, Md. Serajul.
9 (RLIN) 185241
245 10 - TITLE STATEMENT
Title Human resource development for quality management /
Statement of responsibility, etc. Md. Serajul Karim.
260 ## - PUBLICATION, DISTRIBUTION, ETC. (IMPRINT)
Place of publication, distribution, etc. Dhaka, Bangladesh :
Name of publisher, distributor, etc. Pervin Sultana Sahittaya Prokasoni,
Date of publication, distribution, etc. 2008.
300 ## - PHYSICAL DESCRIPTION
Pagination 96 p. :
Illustrations ill. ;
Size 21 cm.
650 ## - SUBJECT ADDED ENTRY--TOPICAL TERM
Topical term or geographic name as entry element Employees
General subdivision Training of.
9 (RLIN) 182618
Topical term or geographic name as entry element Personnel management.
9 (RLIN) 170518
942 ## - ADDED ENTRY ELEMENTS (KOHA)
Source of classification or shelving scheme Dewey Decimal Classification
Koha item type Books
Holdings
Lost status Source of classification or shelving scheme Damaged status Not for loan Collection code Permanent Location Current Location Shelving location Date acquired Source of acquisition Cost, normal purchase price Total Checkouts Full call number Date last seen Copy number Koha item type
  Dewey Decimal Classification   Not For Loan Non-fiction Central Library, University of Rajshahi Central Library, University of Rajshahi Reading Room 07/11/2009 Rajshahi, R.U.C.L. 100.00   658.3124 KAM 2008 23/01/2017 C-1 Books